Statistics for Dutch Exonyms

Click here to take the quiz!

General Stats

  • This quiz has been taken 18 times
  • The average score is 16 of 20

Answer Stats

Dutch nameEnglish name% Correct
DuitslandGermany
100%
GriekenlandGreece
100%
LissabonLisbon
100%
LondenLondon
100%
ParijsParis
100%
Den HaagThe Hague
100%
ToscaneTuscany
100%
VenetiëVenice
100%
PekingBeijing
93%
EstlandEstonia
87%
StraatsburgStrasbourg
87%
TsjechiëCzech Republic
80%
KaapstadCape Town
73%
HaiderabadHyderabad
73%
KeulenCologne
67%
BeierenBavaria
60%
ElzasAlsace
53%
LuikLiège
47%
StiermarkenStyria
33%
PleimuidenPlymouth
27%

Score Distribution

Percentile by Number Answered

Percent of People with Each Score

Your Score History

You have not taken this quiz